000 01796nam a2200253 4500
003 NALT
005 20250526114720.0
008 250523b th ||||| |||| 00| 0 tha d
040 _aNALT
086 _aนร 07 3.5 352.4 2569 ฉ.3/17
110 2 _aสำนักนายกรัฐมนตรี.
_bสำนักงบประมาณ
_9619
245 1 0 _aเอกสารงบประมาณ ฉบับที่ 3 งบประมาณรายจ่าย ประจำปีงบประมาณ พ.ศ. 2569 เล่มที่ 17 หน่วยงานอื่นของรัฐ สภากาชาดไทย ส่วนราชการในพระองค์ /
_cสำนักงบประมาณ.
260 _aกรุงเทพฯ :
_bสำนักงบประมาณ,
_c2568.
300 _a100 หน้า :
_c29 ซม.
505 2 _aหน่วยงานอื่นของรัฐ -- (1) สำนักงานคณะกรรมการการแข่งขันทางการค้า -- (2) สำนักงานสภาเกษตรกรแห่งชาติ -- สภากาชาดไทย -- ส่วนราชการในพระองค์.
610 2 4 _aสภากาชาดไทย
_xงบประมาณ
_y2569
_965935
610 2 4 _aส่วนราชการในพระองค์
_xงบประมาณ
_y2569
_965936
856 4 0 _uhttps://www.bb.go.th/topic-detail.php?id=17734&mid=544&catID=0
942 _2local
_cGOV
996 _ajidapa.t
_bACQSTF
_c2025-05-23
996 _anapasorn.k
_bLIBSTF
_c2025-05-26
996 _ajamriang.p
_bCATSTF
_c2025-05-26
999 _c106653
_d106653
998 _j1020
_k นางจำเรียง ระวังสำโรง